The development of Caribbean land resources - the role of surveying and land economy, report of the proceedings of a symposium held at the Holiday Inn Hotel, Port of Spain, Trinidad, 19-21 November 1975 (Record no. 95229)

MARC details
000 -LEADER
fixed length control field 00640cam a2200181 4500
001 - CONTROL NUMBER
control field D2593
008 - FIXED-LENGTH DATA ELEMENTS--GENERAL INFORMATION
fixed length control field 090401t1975 xxu||||| |||| 00| 0 eng d
035 ## - SYSTEM CONTROL NUMBER
System control number (Sirsi) u69768
041 ## - LANGUAGE CODE
Language code of text/sound track or separate title eng
110 ## - MAIN ENTRY--CORPORATE NAME
Corporate name or jurisdiction name as entry element Commonwealth Association of Surveying and Land Economy
9 (RLIN) 2570
245 #4 - TITLE STATEMENT
Title The development of Caribbean land resources - the role of surveying and land economy, report of the proceedings of a symposium held at the Holiday Inn Hotel, Port of Spain, Trinidad, 19-21 November 1975
260 ## - PUBLICATION, DISTRIBUTION, ETC.
Place of publication, distribution, etc. London
Name of publisher, distributor, etc. CASLE
Date of publication, distribution, etc. 1975
300 ## - PHYSICAL DESCRIPTION
Extent 139p. 30cm
350 ## - PRICE (NR) (BK AM CF MU VM SE) [OBSOLETE]
Price 3.5
520 ## - SUMMARY, ETC.
Summary, etc. Shelved at F333.009729
942 ## - ADDED ENTRY ELEMENTS (KOHA)
Suppress in OPAC 0
948 ## - LOCAL PROCESSING INFORMATION (OCLC); SERIES PART DESIGNATOR (RLIN)
c (OCLC) 04/03/1997
Holdings
Withdrawn status Lost status Source of classification or shelving scheme Damaged status Not for loan Home library Current library Shelving location Date acquired Cost, normal purchase price Total Checkouts Full call number Barcode Date last seen Copy number Cost, replacement price Price effective from Koha item type
    Dewey Decimal Classification     London London Basement 12/08/1991 3.50   SHELF 324 30001080 06/08/2019 1 3.50 06/08/2019 Book